000 00344nam a22001453 4500
001 206859
005 20250703115158.0
090 _a206859
100 _a20250703 ukry50
101 _aukr
102 _aUA
200 _a
210 _d2025
801 _2unimarc
_aUA
_gpsbo
942 _cNEWSPAPER